Hauptstädte in der Nähe von Ankara - Statistiken

Allgemein
  • Dieses Quiz wurde 101 mal gespielt
  • Das Durchschnittsergebnis liegt bei 16 aus 20
Antwortstatistiken
km Hauptstadt % Korrekt
818 Athen
97%
854 Sofia
96%
750 Bukarest
93%
776 Damaskus
93%
932 Jerusalem
92%
530 Nikosia
89%
712 Beirut
87%
987 Skopje
85%
1154 Belgrad
83%
1111 Tirana
83%
1263 Bagdad
82%
992 Jerewan
82%
1109 Kairo
80%
1023 Priština
80%
1028 Tiflis
80%
930 Amman
77%
1170 Podgorica
73%
1186 Kiew
72%
850 Chișinău
66%
917 Ramallah
4%
Keine übereinstimmenden Quizze gefunden
Verteilung der Resultate
Anzahl Personen mit jedem Resultat
Perzentil nach korrekt beantworteten Fragen
Ihre Resultats-Entwicklung
Sie haben dieses Quiz noch nicht gespielt